| 000 -LEADER |
| fixed length control field |
00726nam a22001817a 4500 |
| 005 - DATE AND TIME OF LATEST TRANSACTION |
| control field |
20241206172903.0 |
| 008 - FIXED-LENGTH DATA ELEMENTS--GENERAL INFORMATION |
| fixed length control field |
241206s2022 ru ||||| |||| 00| 0 rus d |
| 020 ## - INTERNATIONAL STANDARD BOOK NUMBER |
| International Standard Book Number |
9785001950301x |
| 041 ## - LANGUAGE CODE |
| Language code of text/sound track or separate title |
rus |
| 080 ## - UNIVERSAL DECIMAL CLASSIFICATION NUMBER |
| Universal Decimal Classification number |
159.9.01 У-36 |
| 100 ## - MAIN ENTRY--PERSONAL NAME |
| Personal name |
Уильямс, Марк |
| 9 (RLIN) |
23903 |
| 245 ## - TITLE STATEMENT |
| Title |
Осознанность : |
| Remainder of title |
Как обрести гармонию в нашем безумном мире / |
| Statement of responsibility, etc. |
Марк Уильямс, Денни Пенман. |
| 264 ## - PRODUCTION, PUBLICATION, DISTRIBUTION, MANUFACTURE, AND COPYRIGHT NOTICE |
| Place of production, publication, distribution, manufacture |
Москва : |
| Name of producer, publisher, distributor, manufacturer |
Манн, Иванов и Фербер, |
| Date of production, publication, distribution, manufacture, or copyright notice |
2022. |
| 300 ## - PHYSICAL DESCRIPTION |
| Extent |
288 стр. : |
| Other physical details |
илл.; |
| Dimensions |
21 см. |
| 653 ## - INDEX TERM--UNCONTROLLED |
| keyword |
ფსიქოლოგია |
| 700 ## - ADDED ENTRY--PERSONAL NAME |
| Personal name |
Пенман, Денни |
| Relator term |
ავტორი |
| 9 (RLIN) |
23904 |
| 942 ## - ADDED ENTRY ELEMENTS (KOHA) |
| Source of classification or shelving scheme |
|
| Koha item type |
წიგნი |